Csokonai Vitéz Mihály társadalmi és politikai nézetei az irodalomban
Elmentve itt :
| Szerző: | |
|---|---|
| További közreműködők: | |
| Dokumentumtípus: | Szakdolgozat |
| Megjelent: |
1964
|
| Tárgyszavak: | |
| Online Access: | http://diploma.bibl.u-szeged.hu/84283 |
| LEADER | 00574nta a2200157 i 4500 | ||
|---|---|---|---|
| 001 | dipl84283 | ||
| 005 | 20200204091037.0 | ||
| 008 | 200204s1964 hu om 0|| zxx d | ||
| 040 | |a SZTE Diploma Repozitórium |b hun | ||
| 041 | |a zxx | ||
| 100 | 1 | |a Kassai Lajosné | |
| 245 | 1 | 0 | |a Csokonai Vitéz Mihály társadalmi és politikai nézetei az irodalomban |h [elektronikus dokumentum] / |c Lajosné Kassai |
| 260 | |c 1964 | ||
| 650 | 4 | |a Bölcsészettudományok | |
| 700 | 1 | |a Turák János |e ths | |
| 856 | 4 | 0 | |u http://diploma.bibl.u-szeged.hu/id/eprint/84283/1/1964_kassai_lajosne.pdf |z Dokumentum-elérés |